000 00834nam a2200253 a 4500
001 000021765
005 20200930011436.0
008 100911s1995 sp r 000 0 spa d
020 _a8420646725
040 _aDO-SdBNP
_bspa
_cBNPHU
041 1 7 _aspa
_hger
_2Código de idioma MARC
082 _a154.63
_bF889s
100 1 _aFreud, Sigmund,
_d1856-1939
_935138
240 1 0 _a[Die Traumdeutung].
_lEspañol.
245 1 4 _aLos sueños /
_cSigmund Freud ; traducción de Luis López-Ballesteros y de Torres.
260 _aMadrid :
_bAlianza,
_c1995.
300 _a93, [3] p. ;
_c15 cm.
490 1 _aAlianza cien
_v72
534 _pTítulo original en alemán:
_tDie Traumdeutung.
650 4 _aSueños
_941871
700 1 _aLópez-Ballesteros y de Torres, Luis,
_etr.
_945226
830 0 _aAlianza cien ;
_v72
_912832
049 _aBNGR
999 _c21264
_d21264